[Event "BL Meisterschaftsturnier 2020"]
[Site "Karlsruhe"]
[Date "2020.09.17"]
[Round "3.9"]
[White "Caruana, Fabiano"]
[Black "Gumularz, Szymon"]
[Result "1-0"]
[WhiteElo "2835"]
[BlackElo "2518"]
[Annotator "TA"]
[PlyCount "53"]
[EventDate "2020.09.16"]
[EventType "team-tourn"]
[EventCountry "GER"]
[WhiteTeam "Baden-Baden"]
[BlackTeam "SF Berlin"]

{[%evp 9,53,34,42,44,42,41,87,79,135,120,134,128,127,142,131,123,119,131,136,160,154,134,247,227,329,310,302,280,332,280,251,209,359,341,525,525,541,543,516,498,486,483,454,376,375,357]} 1. e4 g6 2. d4 Bg7 3. Nc3 d6 4. Be3 a6 5. g4 b5 6. Bg2 {B06: Modern Defence.} Bb7 7. h4 h5 8. gxh5 {White is better.} Rxh5 ({Black should try} 8... gxh5 9. Nge2 Nf6) 9. Bf3 $16 Rh8 10. h5 $1 {[#]} e5 $146 ({Predecessor:} 10... gxh5 11. e5 Nc6 12. Rxh5 dxe5 13. Rxh8 Bxh8 14. Bxc6+ Bxc6 15. Qh5 Bg7 16. dxe5 Qd7 {½-½ (44) Mista,A (2556)-Stryjecki,M (2425) Poland 2015}) 11. dxe5 Bxe5 12. hxg6 fxg6 13. Rxh8 Bxh8 14. e5 Nc6 {[#]} 15. Be4 $1 {[%cal Re4g6]} Nge7 (15... Bxe5 $16 16. Bxg6+ Kf8) 16. Qg4 $18 Bxe5 (16... Qc8 {keeps fighting.} 17. e6 (17. Bxg6+ Kd8 $14) 17... Ne5) 17. Bxg6+ Nxg6 18. Qxg6+ Kd7 19. Qg4+ Ke8 20. O-O-O Qf6 {[#]} (20... Bxc3 {was called for.} 21. bxc3 (21. Qg6+ Kd7 $16) 21... Qc8 22. Qg6+ Kd7) 21. Nd5 $1 {[%csl LRc7,LRf6][%cal Rd5f6]} Qf7 (21... Bxb2+ $142 22. Kb1 Qf7 23. Kxb2 Ne5) 22. Nf3 Bc8 23. Qe4 ({Less strong is} 23. Nxc7+ Kd8 $18) 23... Rb8 24. Ng5 Bf5 {[#]} 25. Nxc7+ $1 {[%mdl 512]} Kd7 {Strongly threatening ...Bxb2+!} (25... Qxc7 26. Qxf5) 26. Nxf7 Bxe4 27. Nxa6 {White took control after the opening. Accuracy: White = 96%, Black = 49%.} 1-0

[Event "BL Meisterschaftsturnier 2020"]
[Site "Karlsruhe"]
[Date "2020.09.17"]
[Round "3.9"]
[White "Kamsky, Gata"]
[Black "Huschenbeth, Niclas"]
[Result "1-0"]
[WhiteElo "2674"]
[BlackElo "2612"]
[Annotator "ChessBase"]
[PlyCount "93"]
[EventDate "2020.09.16"]
[EventType "team-tourn"]
[EventCountry "GER"]
[WhiteTeam "Deizisau"]
[BlackTeam "Bayern Muenchen"]
[TimeControl "40/5400+30:1800+30"]

1. g3 {[%emt 0:01:51]} d5 {[%emt 0:00:25]} 2. Bg2 {[%emt 0:00:54]} Nf6 {[%emt 0:04:45]} 3. Nf3 {[%emt 0:02:02]} c5 {[%emt 0:00:12]} 4. O-O {[%emt 0:00:50]} e6 {[%emt 0:00:05]} 5. d3 {[%emt 0:00:23]} Nc6 {[%emt 0:01:22]} 6. Nbd2 {[%emt 0:00:09]} Be7 {[%emt 0:00:53]} 7. e4 {[%emt 0:00:07]} b6 {[%emt 0:00:12]} 8. Re1 {[%emt 0:00:21]} Bb7 {[%emt 0:00:13]} 9. c3 {[%emt 0:00:33]} Qc7 {[%emt 0:01:28]} 10. Qe2 {[%emt 0:02:45]} O-O {[%emt 0:10:17]} 11. e5 {[%emt 0:01:12]} Nd7 {[%emt 0:00:05]} 12. Nf1 {[%emt 0:00:56]} b5 {[%emt 0:01:15]} 13. h4 {[%emt 0:13:43]} Rfc8 {[%emt 0:00:33]} 14. Bg5 {[%emt 0:04:02]} Bf8 {[%emt 0:00:24]} 15. N1h2 {[%emt 0:06:26]} a5 {[%emt 0:13:57]} 16. Bf4 {[%emt 0:01:19]} a4 {[%emt 0:06:21]} 17. a3 {[%emt 0:05:28]} b4 {[%emt 0:04:09]} 18. Ng4 {[%emt 0:03:13]} bxc3 {[%emt 0:01:18]} 19. bxc3 {[%emt 0:00:05]} Qa5 {[%emt 0:01:48]} 20. Bd2 {[%emt 0:03:27]} Qd8 {[%emt 0:07:16]} 21. Bg5 {[%emt 0:01:11]} Qa5 {[%emt 0:00:37]} 22. Bd2 {[%emt 0:05:23]} Qd8 {[%emt 0:00:31]} 23. Bg5 {[%emt 0:03:14]} Qc7 {[%emt 0:00:57]} 24. Bf4 {[%emt 0:01:32]} Ba6 {[%emt 0:01:57]} 25. Rad1 {[%emt 0:04:50]} Rab8 {[%emt 0:06:29]} 26. Ng5 {[%emt 0:00:15]} h6 {[%emt 0:11:22]} 27. Nxf7 {[%emt 0:00:51]} Kxf7 {[%emt 0:01:37]} 28. Bxd5 {[%emt 0:00:42]} Nd8 {[%emt 0:08:55]} 29. Be4 {[%emt 0:06:05]} Bb7 {[%emt 0:07:15]} 30. d4 {[%emt 0:10:28]} cxd4 {[%emt 0:03:20]} 31. Rxd4 {[%emt 0:00:28]} Bxe4 {[%emt 0:00:07]} 32. Qxe4 {[%emt 0:00:07]} Nc5 {[%emt 0:01:42]} 33. Qh7 {[%emt 0:00:26]} Ke8 {[%emt 0:00:11]} 34. Bxh6 {[%emt 0:01:33]} Qf7 {[%emt 0:02:42]} 35. Rf4 {[%emt 0:00:10]} gxh6 {[%emt 0:00:09]} 36. Rxf7 {[%emt 0:00:19]} Nxf7 {[%emt 0:00:04]} 37. Nf6+ {[%emt 0:00:06]} Ke7 {[%emt 0:00:02]} 38. g4 {[%emt 0:02:43]} Rc7 {[%emt 0:03:26]} 39. g5 {[%emt 0:08:15]} hxg5 {[%emt 0:00:07]} 40. hxg5 {[%emt 0:00:05]} Kd8 {[%emt 0:00:28]} 41. Qg8 {[%emt 0:16:19]} Ke7 {[%emt 0:00:05]} 42. Rd1 {[%emt 0:04:30]} Rbb7 {[%emt 0:15:04]} 43. Qh7 {[%emt 0:01:07]} Nd7 {[%emt 0:00:12]} 44. Rxd7+ {[%emt 0:06:01]} Rxd7 {[%emt 0:00:03]} 45. g6 {[%emt 0:00:35]} Rd1+ {[%emt 0:01:16]} 46. Kg2 {[%emt 0:00:05]} Kd8 {[%emt 0:00:06]} 47. Qg8 {[%emt 0:00:29]} 1-0

[Event "BL Meisterschaftsturnier 2020"]
[Site "Karlsruhe"]
[Date "2020.09.17"]
[Round "3.10"]
[White "Bogner, Sebastian"]
[Black "Heimann, Andreas"]
[Result "1-0"]
[WhiteElo "2571"]
[BlackElo "2617"]
[Annotator "ChessBase"]
[PlyCount "63"]
[EventDate "2020.09.16"]
[EventType "team-tourn"]
[EventCountry "GER"]
[WhiteTeam "Bayern Muenchen"]
[BlackTeam "Deizisau"]
[TimeControl "40/5400+30:1800+30"]

1. Nf3 {[%emt 0:00:00]} d5 {[%emt 0:00:00]} 2. e3 {[%emt 0:00:09]} c5 {[%emt 0:01:01]} 3. c4 {[%emt 0:00:06]} d4 {[%emt 0:00:03]} 4. exd4 {[%emt 0:00:53]} cxd4 {[%emt 0:00:08]} 5. g3 {[%emt 0:00:20]} Nc6 {[%emt 0:02:01]} 6. Bg2 {[%emt 0:00:08]} e5 {[%emt 0:07:07]} 7. O-O {[%emt 0:00:07]} Nf6 {[%emt 0:00:58]} 8. Re1 {[%emt 0:02:01]} Nd7 {[%emt 0:00:33]} 9. d3 {[%emt 0:01:37]} Be7 {[%emt 0:02:52]} 10. Na3 {[%emt 0:15:43]} O-O {[%emt 0:00:40]} 11. Nc2 {[%emt 0:00:09]} a5 {[%emt 0:01:09]} 12. Na3 {[%emt 0:04:28]} Bb4 {[%emt 0:14:39]} 13. Bd2 {[%emt 0:04:40]} Re8 {[%emt 0:04:28]} 14. Nb5 {[%emt 0:19:34]} Nc5 {[%emt 0:03:19]} 15. Ng5 {[%emt 0:10:28]} Bg4 {[%emt 0:12:24]} 16. Qxg4 {[%emt 0:15:28]} Bxd2 {[%emt 0:02:14]} 17. Ne4 {[%emt 0:00:03]} Bxe1 {[%emt 0:06:35]} 18. Nxc5 {[%emt 0:00:04]} Bb4 {[%emt 0:09:16]} 19. Nxb7 {[%emt 0:00:40]} Qc8 {[%emt 0:00:24]} 20. Qxc8 {[%emt 0:03:26]} Rexc8 {[%emt 0:00:07]} 21. c5 {[%emt 0:02:34]} Rab8 {[%emt 0:09:37]} 22. N7d6 {[%emt 0:00:55]} Ne7 {[%emt 0:10:21]} 23. Nxc8 {[%emt 0:00:59]} Nxc8 {[%emt 0:05:50]} 24. Nc7 {[%emt 0:02:01]} Bd2 {[%emt 0:03:11]} 25. Rb1 {[%emt 0:00:29]} Ne7 {[%emt 0:01:25]} 26. Na6 {[%emt 0:02:29]} Rb5 {[%emt 0:00:06]} 27. b3 {[%emt 0:00:34]} a4 {[%emt 0:01:22]} 28. b4 {[%emt 0:00:45]} a3 {[%emt 0:00:15]} 29. Rb3 {[%emt 0:00:30]} f5 {[%emt 0:01:09]} 30. Rxa3 {[%emt 0:03:06]} e4 {[%emt 0:00:09]} 31. dxe4 {[%emt 0:02:39]} Nc6 {[%emt 0:00:05]} 32. Bf1 {[%emt 0:00:53]} 1-0

[Event "BL Meisterschaftsturnier 2020"]
[Site "Karlsruhe"]
[Date "2020.09.17"]
[Round "3.10"]
[White "Baldauf, Marco"]
[Black "Wojtaszek, Radoslaw"]
[Result "1/2-1/2"]
[WhiteElo "2503"]
[BlackElo "2717"]
[Annotator "ChessBase"]
[PlyCount "81"]
[EventDate "2020.09.16"]
[EventType "team-tourn"]
[EventCountry "GER"]
[WhiteTeam "SF Berlin"]
[BlackTeam "Baden-Baden"]
[TimeControl "40/5400+30:1800+30"]

1. d4 {[%emt 0:00:00]} Nf6 {[%emt 0:00:00]} 2. c4 {[%emt 0:00:00]} e6 {[%emt 0:00:00]} 3. Nc3 {[%emt 0:00:00]} Bb4 {[%emt 0:00:00]} 4. Qc2 {[%emt 0:00:00]} d5 {[%emt 0:00:01]} 5. cxd5 {[%emt 0:00:20]} exd5 {[%emt 0:00:07]} 6. Bg5 {[%emt 0:00:13]} h6 {[%emt 0:00:11]} 7. Bh4 {[%emt 0:00:07]} Nc6 {[%emt 0:00:19]} 8. e3 {[%emt 0:01:05]} g5 {[%emt 0:00:07]} 9. Bg3 {[%emt 0:00:02]} h5 {[%emt 0:00:09]} 10. Bb5 {[%emt 0:03:46]} h4 {[%emt 0:00:24]} 11. Be5 {[%emt 0:01:44]} O-O {[%emt 0:00:12]} 12. Bxc6 {[%emt 0:04:06]} bxc6 {[%emt 0:00:06]} 13. Nge2 {[%emt 0:00:58]} Rb8 {[%emt 0:02:22]} 14. O-O {[%emt 0:10:02]} Bd6 {[%emt 0:04:11]} 15. f4 {[%emt 0:09:51]} Ng4 {[%emt 0:09:47]} 16. Rf3 {[%emt 0:02:00]} gxf4 {[%emt 0:00:21]} 17. exf4 {[%emt 0:07:46]} Qe7 {[%emt 0:03:56]} 18. h3 {[%emt 0:09:45]} Nh6 {[%emt 0:00:29]} 19. g4 {[%emt 0:00:04]} f6 {[%emt 0:00:53]} 20. Bxd6 {[%emt 0:00:27]} cxd6 {[%emt 0:00:06]} 21. Kf2 {[%emt 0:01:45]} f5 {[%emt 0:02:33]} 22. Re3 {[%emt 0:03:28]} Qd7 {[%emt 0:05:32]} 23. g5 {[%emt 0:10:59]} Nf7 {[%emt 0:00:07]} 24. Re1 {[%emt 0:00:32]} Nh8 {[%emt 0:02:14]} 25. b3 {[%emt 0:07:03]} Ng6 {[%emt 0:00:09]} 26. Qd2 {[%emt 0:01:21]} Qb7 {[%emt 0:08:31]} 27. Nc1 {[%emt 0:03:23]} Qb4 {[%emt 0:07:57]} 28. R3e2 {[%emt 0:06:23]} Bd7 {[%emt 0:03:08]} 29. Kg1 {[%emt 0:02:44]} Kf7 {[%emt 0:01:00]} 30. Kh2 {[%emt 0:01:03]} Rfe8 {[%emt 0:02:10]} 31. Rxe8 {[%emt 0:00:16]} Bxe8 {[%emt 0:00:07]} 32. Re3 {[%emt 0:03:17]} Bd7 {[%emt 0:15:54]} 33. N1e2 {[%emt 0:00:05]} Rf8 {[%emt 0:04:13]} 34. Kg1 {[%emt 0:00:56]} Bc8 {[%emt 0:01:52]} 35. Qd3 {[%emt 0:03:12]} Kg7 {[%emt 0:00:39]} 36. Kf2 {[%emt 0:00:47]} Qa5 {[%emt 0:00:38]} 37. Qc2 {[%emt 0:02:38]} Qb4 {[%emt 0:05:03]} 38. Na4 {[%emt 0:02:22]} Ba6 {[%emt 0:00:22]} 39. Nac3 {[%emt 0:03:08]} Bc8 {[%emt 0:03:53]} 40. Na4 {[%emt 0:00:21]} Ba6 {[%emt 0:01:23]} 41. Nac3 {[%emt 0:02:28]} 1/2-1/2

[Event "BL Meisterschaftsturnier 2020"]
[Site "Karlsruhe"]
[Date "2020.09.17"]
[Round "3.11"]
[White "Rapport, Richard"]
[Black "Sprenger, Jan Michael"]
[Result "1/2-1/2"]
[WhiteElo "2760"]
[BlackElo "2482"]
[Annotator "TA"]
[PlyCount "224"]
[EventDate "2020.09.16"]
[EventType "team-tourn"]
[EventCountry "GER"]
[WhiteTeam "Baden-Baden"]
[BlackTeam "SF Berlin"]

{[%evp 13,224,7,18,18,26,18,25,23,22,17,20,11,25,23,25,32,26,14,17,0,13,15,23,-12,11,0,2,0,8,-29,7,7,7,-7,-4,-8,41,45,51,45,69,63,68,-169,-164,-165,-175,-174,-173,-168,-168,-168,-168,-183,-179,-213,-217,-210,-155,-146,-151,-158,-149,-148,-143,-165,-125,-137,-104,-109,-99,-107,-107,-156,-180,-197,-194,-220,-222,-241,-241,-241,-241,-29995,-250,-250,-250,-250,-250,-250,-250,-269,-269,-269,-269,-269,-269,-294,-269,-269,-269,-294,-222,-262,-236,-236,-222,-222,-222,-222,-222,-222,-222,-222,0,-222,-222,-222,-222,-222,-222,-222,-222,-222,-222,-222,-222,-222,-222,-222,-222,-222,-222,-222,-222,-222,-222,-222,-222,-222,-222,-222,-222,-222,-222,-222,-222,-222,-222,-222,-222,-222,-222,-222,0,-222,-222,-222,-222,-222,-222,-222,-222,-222,-222,-222,-222,-222,-222,-222,-222,-222,-222,-222,0,-222,-222,-222,-222,-222,-222,-222,-222,-222,-222,-222,-222,-222,-222,-222,-222,-222,-222,-222,-222,-222,-222,-222,-222,-222,-222,-222,-222,-222,-222,-222,0,-222,-222,-222,-222,-222,0]} 1. Nf3 Nf6 2. c4 e6 3. g3 d5 4. Bg2 dxc4 5. Qa4+ c6 6. Qxc4 b5 7. Qc2 Bb7 8. Nc3 {A13: English Opening: 1...e6.} Nbd7 9. O-O a6 10. a4 {White has an edge.} Rc8 11. d3 Be7 12. h3 O-O 13. e4 Qb6 14. Be3 c5 {[#]} 15. Qe2 $146 ({Predecessor:} 15. axb5 axb5 16. b4 Qc6 17. Qb1 cxb4 18. Nd4 Qb6 19. Nf5 Qd8 20. Nxe7+ Qxe7 21. Nxb5 {1-0 (105) Delchev,A (2643)-Nisipeanu,L (2674) Bad Wiessee 2013}) 15... Ba8 16. Rfb1 Qb8 17. axb5 axb5 18. Bf4 Qb6 (18... e5 $5 {[%cal Re5f4]} 19. Be3 b4 $11) 19. Nd2 Bc6 20. Be3 Qc7 21. Nb3 Ra8 22. Rxa8 Rxa8 23. d4 b4 24. d5 bxc3 (24... Bb7 {is interesting.} 25. dxe6 fxe6 26. Bf4 e5 27. Nd5 Bxd5 28. exd5 exf4 29. d6 Bxd6 30. Bxa8 fxg3 31. fxg3 c4) 25. dxc6 Qxc6 26. bxc3 {Black must now prevent e5!} Qa6 27. Qxa6 Rxa6 28. Nxc5 $2 (28. Nd2 $14 {stays ahead.}) 28... Nxc5 $19 29. Rb8+ Bf8 30. Bxc5 {[%csl Gc5][%cal Rb8f8]} Ra1+ 31. Bf1 {[%csl Gc5][%cal Rb8f8]} Nd7 {[%mdl 64] [#] Double Attack} 32. Rxf8+ Nxf8 {[%mdl 4096] Endgame KRN-KB} 33. Kg2 Nd7 34. Bd4 e5 35. Be3 Nf6 36. Bd3 Ra3 37. Bd2 Nd7 38. Bc4 Nb6 39. Bb5 Nc8 40. Bc6 Nd6 41. Bd5 Ra4 42. Be3 h6 43. Kf3 Ra3 44. c4 Rc3 45. Kg4 {intending c5.} Nxc4 46. Ba7 g6 47. Bb8 Kg7 48. Bxc4 $2 {[#]} (48. h4 $19) 48... Rxc4 $2 (48... h5+ $1 {mates} 49. Kg5 f6+ 50. Kh4 Kh6 51. f4 g5+ 52. fxg5+ fxg5#) 49. Bxe5+ {KR-KB} f6 50. Bf4 Rxe4 51. Kf3 Ra4 52. Be3 g5 53. g4 Kf7 54. Bb6 Ke6 55. Bc7 Ra3+ 56. Kg2 Rc3 57. Bg3 Kd5 58. Bh2 Ke4 59. Bd6 Rc6 60. Bf8 f5 61. gxf5 Kxf5 62. Bb4 Rb6 63. Bc5 Rc6 $2 (63... Rb2 $19 {And now ...h5 would win.} 64. Kg3 Rb3+ 65. Kg2 h5) 64. Be3 $2 (64. Bb4 $1 $11 Rc2 65. Kg3) 64... Rc4 65. Bb6 Rb4 66. Bc5 Ra4 67. Bf8 Ra8 68. Bc5 Rc8 69. Ba7 Rc3 70. Bd4 Rd3 71. Bc5 Kf4 72. Bf8 h5 73. Bc5 Rb3 74. Bd6+ Kf5 75. Bc5 Ke4 76. Ba7 Rb7 77. Be3 Rb5 78. Bc1 Kd3 79. Be3 Ke2 80. Ba7 Ra5 81. Be3 Rf5 82. Bb6 Rf3 83. Bc5 Rf5 $2 (83... Rf6 $19 {Threatens to win with ...Re6.} 84. Be3 Rg6) 84. Be3 $2 (84. Bb6 $1 $11 {and White has nothing to worry.} Rd5 85. Ba7) 84... Rd5 85. Bb6 Rd6 86. Bc5 Rg6 87. Be3 g4 {( -> ...g3!)} 88. Ba7 gxh3+ 89. Kxh3 Rg4 90. Be3 Kf3 91. Bb6 Rg1 {[%cal Rg1h1]} 92. Kh2 Rg2+ 93. Kh3 Rg1 {[%cal Rg1h1]} 94. Kh2 $1 {[%cal Rh2g1]} Rb1 95. Be3 Rb4 96. Bc5 Rh4+ 97. Kg1 Rc4 98. Be3 Kg4 {Hoping for ...Kh3.} 99. Kg2 Rc2 100. Bd4 h4 101. Be3 Ra2 102. Bd4 h3+ 103. Kh2 Ra6 104. Bc5 Kf3 105. Be3 Ra5 106. Bb6 Rg5 107. Be3 Rg8 108. Bb6 Rg7 109. Be3 Rg8 110. Bb6 $1 Kg4 {Black is clearly better.} 111. Be3 Ra8 112. Bc5 Ra2 $2 {Accuracy: White = 85%, Black = 86%.} ({Black should try} 112... Ra6 $19 113. Bd4 Rc6) 1/2-1/2

[Event "BL Meisterschaftsturnier 2020"]
[Site "Karlsruhe"]
[Date "2020.09.17"]
[Round "3.11"]
[White "Bluebaum, Matthias"]
[Black "Dragnev, Valentin"]
[Result "1/2-1/2"]
[WhiteElo "2660"]
[BlackElo "2553"]
[Annotator "ChessBase"]
[PlyCount "67"]
[EventDate "2020.09.16"]
[EventType "team-tourn"]
[EventCountry "GER"]
[WhiteTeam "Deizisau"]
[BlackTeam "Bayern Muenchen"]
[TimeControl "40/5400+30:1800+30"]

1. d4 {[%emt 0:00:00]} Nf6 {[%emt 0:00:00]} 2. c4 {[%emt 0:00:03]} g6 {[%emt 0:00:00]} 3. Nc3 {[%emt 0:01:16]} d5 {[%emt 0:00:00]} 4. Nf3 {[%emt 0:00:14]} Bg7 {[%emt 0:00:00]} 5. h3 {[%emt 0:00:06]} O-O {[%emt 0:00:21]} 6. cxd5 {[%emt 0:00:11]} Nxd5 {[%emt 0:00:09]} 7. e4 {[%emt 0:00:04]} Nxc3 {[%emt 0:00:06]} 8. bxc3 {[%emt 0:00:02]} c5 {[%emt 0:00:08]} 9. Be2 {[%emt 0:00:03]} b6 {[%emt 0:00:54]} 10. Be3 {[%emt 0:00:57]} Bb7 {[%emt 0:00:21]} 11. Qd3 {[%emt 0:00:06]} cxd4 {[%emt 0:00:35]} 12. cxd4 {[%emt 0:00:04]} Ba6 {[%emt 0:00:06]} 13. Qc2 {[%emt 0:02:06]} Qd7 {[%emt 0:00:31]} 14. Bxa6 {[%emt 0:02:32]} Nxa6 {[%emt 0:00:20]} 15. O-O {[%emt 0:00:07]} Rac8 {[%emt 0:06:27]} 16. Qb3 {[%emt 0:00:40]} Nb8 {[%emt 0:12:53]} 17. Rad1 {[%emt 0:05:12]} Nc6 {[%emt 0:03:57]} 18. d5 {[%emt 0:01:24]} Na5 {[%emt 0:00:14]} 19. Qb1 {[%emt 0:00:36]} Nc4 {[%emt 0:03:54]} 20. Bd4 {[%emt 0:04:13]} e5 {[%emt 0:02:44]} 21. dxe6 {[%emt 0:16:00]} Qxe6 {[%emt 0:00:21]} 22. Bxg7 {[%emt 0:04:01]} Kxg7 {[%emt 0:00:08]} 23. Rd5 {[%emt 0:00:07]} Rfd8 {[%emt 0:22:04]} 24. Qd3 {[%emt 0:01:05]} Rxd5 {[%emt 0:02:17]} 25. exd5 {[%emt 0:00:07]} Qf6 {[%emt 0:00:19]} 26. Nd2 {[%emt 0:11:46]} Nxd2 {[%emt 0:06:43]} 27. Qxd2 {[%emt 0:00:58]} Rd8 {[%emt 0:00:47]} 28. Rd1 {[%emt 0:02:14]} Rd6 {[%emt 0:00:12]} 29. Qe3 {[%emt 0:03:15]} h5 {[%emt 0:01:33]} 30. Rd4 {[%emt 0:02:39]} Rd7 {[%emt 0:03:12]} 31. Qd2 {[%emt 0:05:35]} Rd6 {[%emt 0:00:39]} 32. Qe3 {[%emt 0:07:33]} Rd7 {[%emt 0:02:12]} 33. Qd2 {[%emt 0:02:20]} Rd6 {[%emt 0:00:52]} 34. Qe3 {[%emt 0:00:05]} 1/2-1/2

[Event "BL Meisterschaftsturnier 2020"]
[Site "Karlsruhe"]
[Date "2020.09.17"]
[Round "3.12"]
[White "Studer, Noel"]
[Black "Keymer, Vincent"]
[Result "0-1"]
[WhiteElo "2573"]
[BlackElo "2568"]
[Annotator "ChessBase"]
[PlyCount "96"]
[EventDate "2020.09.16"]
[EventType "team-tourn"]
[EventCountry "GER"]
[WhiteTeam "Bayern Muenchen"]
[BlackTeam "Deizisau"]
[TimeControl "40/5400+30:1800+30"]

1. e4 {[%emt 0:00:00]} c5 {[%emt 0:00:49]} 2. Nf3 {[%emt 0:00:00]} d6 {[%emt 0:00:03]} 3. d4 {[%emt 0:00:00]} cxd4 {[%emt 0:00:04]} 4. Nxd4 {[%emt 0:00:00]} Nf6 {[%emt 0:00:05]} 5. Nc3 {[%emt 0:00:00]} a6 {[%emt 0:00:03]} 6. Be3 {[%emt 0:00:00]} e5 {[%emt 0:00:05]} 7. Nf3 {[%emt 0:00:02]} Be7 {[%emt 0:00:05]} 8. Bc4 {[%emt 0:00:05]} Be6 {[%emt 0:00:05]} 9. Bxe6 {[%emt 0:00:04]} fxe6 {[%emt 0:00:05]} 10. Ng5 {[%emt 0:00:03]} Qd7 {[%emt 0:00:22]} 11. Qf3 {[%emt 0:00:08]} Nc6 {[%emt 0:00:20]} 12. Qh3 {[%emt 0:00:23]} Nd8 {[%emt 0:00:05]} 13. Bb6 {[%emt 0:00:41]} h6 {[%emt 0:00:55]} 14. O-O-O {[%emt 0:00:34]} O-O {[%emt 0:00:09]} 15. Bxd8 {[%emt 0:00:05]} hxg5 {[%emt 0:00:03]} 16. Bxe7 {[%emt 0:00:07]} Qxe7 {[%emt 0:00:03]} 17. Qg3 {[%emt 0:00:35]} b5 {[%emt 0:01:22]} 18. f3 {[%emt 0:02:06]} g4 {[%emt 0:12:07]} 19. Rhe1 {[%emt 0:14:44]} gxf3 {[%emt 0:04:38]} 20. Qxf3 {[%emt 0:00:22]} Rac8 {[%emt 0:01:53]} 21. Qd3 {[%emt 0:11:18]} Rfd8 {[%emt 0:04:56]} 22. Kb1 {[%emt 0:02:58]} Rc4 {[%emt 0:03:07]} 23. a4 {[%emt 0:05:11]} Qe8 {[%emt 0:14:41]} 24. axb5 {[%emt 0:18:40]} axb5 {[%emt 0:00:27]} 25. b3 {[%emt 0:00:11]} Rc5 {[%emt 0:03:35]} 26. Na2 {[%emt 0:09:31]} d5 {[%emt 0:04:12]} 27. exd5 {[%emt 0:06:33]} Nxd5 {[%emt 0:06:14]} 28. Qg3 {[%emt 0:05:14]} Rdc8 29. Rxe5 {[%emt 0:07:29]} Rxc2 {[%emt 0:27:12]} 30. Rdxd5 {[%emt 0:15:55]} Qc6 {[%emt 0:01:42]} 31. Rd1 {[%emt 0:01:02]} Rxa2 {[%emt 0:02:48]} 32. Kxa2 {[%emt 0:00:11]} Qc2+ {[%emt 0:00:06]} 33. Ka3 {[%emt 0:00:05]} Qxd1 {[%emt 0:00:28]} 34. Qe3 {[%emt 0:01:13]} Qd6+ {[%emt 0:04:43]} 35. Kb2 {[%emt 0:00:55]} Ra8 {[%emt 0:00:20]} 36. Rxe6 {[%emt 0:00:52]} Qa3+ {[%emt 0:01:11]} 37. Kc3 {[%emt 0:00:13]} Rc8+ {[%emt 0:03:10]} 38. Kd4 {[%emt 0:00:26]} Qb2+ {[%emt 0:01:23]} 39. Ke4 {[%emt 0:00:57]} Qxg2+ {[%emt 0:03:03]} 40. Kd4 {[%emt 0:00:17]} Qb2+ {[%emt 0:02:08]} 41. Kd5 {[%emt 0:01:47]} Qg2+ {[%emt 0:06:24]} 42. Kd4 {[%emt 0:02:19]} Qg4+ {[%emt 0:03:32]} 43. Kd5 {[%emt 0:07:37]} Qd1+ {[%emt 0:04:22]} 44. Ke5 {[%emt 0:02:04]} Qc2 {[%emt 0:02:24]} 45. Qh3 {[%emt 0:13:09]} Rd8 {[%emt 0:03:45]} 46. Kf4 {[%emt 0:06:21]} Rd4+ {[%emt 0:00:46]} 47. Kg5 {[%emt 0:00:14]} Rd5+ {[%emt 0:00:05]} 48. Kf4 {[%emt 0:00:05]} Qf2+ {[%emt 0:00:20]} 0-1

[Event "BL Meisterschaftsturnier 2020"]
[Site "Karlsruhe"]
[Date "2020.09.17"]
[Round "3.13"]
[White "Vallejo Pons, Francisco"]
[Black "Jakubowski, Krzysztof"]
[Result "1-0"]
[WhiteElo "2710"]
[BlackElo "2481"]
[Annotator "ChessBase"]
[PlyCount "73"]
[EventDate "2020.09.16"]
[EventType "team-tourn"]
[EventCountry "GER"]
[WhiteTeam "Baden-Baden"]
[BlackTeam "SF Berlin"]
[TimeControl "40/5400+30:1800+30"]

1. e4 {[%emt 0:00:37]} c5 {[%emt 0:00:00]} 2. Nf3 {[%emt 0:00:07]} e6 {[%emt 0:00:00]} 3. d4 {[%emt 0:04:09]} cxd4 {[%emt 0:00:22]} 4. Nxd4 {[%emt 0:00:06]} Nc6 {[%emt 0:01:07]} 5. Nc3 {[%emt 0:00:05]} Qc7 {[%emt 0:00:12]} 6. Qd3 {[%emt 0:00:31]} Nf6 {[%emt 0:01:11]} 7. Ndb5 {[%emt 0:00:50]} Qb8 {[%emt 0:00:11]} 8. Qg3 {[%emt 0:00:28]} d6 {[%emt 0:00:17]} 9. Be3 {[%emt 0:00:31]} a6 {[%emt 0:00:31]} 10. Nd4 {[%emt 0:01:17]} h5 {[%emt 0:03:00]} 11. f3 {[%emt 0:05:57]} Ne5 {[%emt 0:07:16]} 12. O-O-O {[%emt 0:28:16]} b5 {[%emt 0:02:55]} 13. Bd3 {[%emt 0:01:55]} h4 {[%emt 0:15:17]} 14. Qe1 {[%emt 0:03:13]} h3 {[%emt 0:00:35]} 15. g4 {[%emt 0:03:58]} Nfd7 {[%emt 0:02:07]} 16. Kb1 {[%emt 0:05:47]} g6 {[%emt 0:05:42]} 17. g5 {[%emt 0:07:25]} b4 {[%emt 0:09:36]} 18. Nce2 {[%emt 0:00:55]} Nc5 {[%emt 0:03:06]} 19. Nc1 {[%emt 0:04:52]} Bd7 {[%emt 0:06:11]} 20. Rf1 {[%emt 0:03:44]} a5 21. Be2 {[%emt 0:02:39]} Bg7 {[%emt 0:13:14]} 22. f4 {[%emt 0:02:44]} Nc6 {[%emt 0:00:18]} 23. e5 {[%emt 0:06:12]} Nd8 {[%emt 0:11:04]} 24. exd6 {[%emt 0:02:17]} Na4 {[%emt 0:00:13]} 25. Nd3 {[%emt 0:02:23]} Qxd6 {[%emt 0:00:59]} 26. Ne5 {[%emt 0:01:03]} Bxe5 {[%emt 0:00:56]} 27. fxe5 {[%emt 0:03:05]} Qxe5 {[%emt 0:00:50]} 28. Bf4 {[%emt 0:00:24]} Qc5 {[%emt 0:02:08]} 29. Nb3 {[%emt 0:00:32]} Qa7 {[%emt 0:00:54]} 30. Be5 {[%emt 0:01:42]} Rh7 {[%emt 0:00:18]} 31. Rf4 {[%emt 0:02:04]} f5 {[%emt 0:06:01]} 32. gxf6 {[%emt 0:01:04]} Nf7 {[%emt 0:00:08]} 33. Bd3 {[%emt 0:01:01]} g5 {[%emt 0:02:04]} 34. Rd4 {[%emt 0:01:34]} Rh6 {[%emt 0:00:57]} 35. Bc4 {[%emt 0:01:12]} Nb6 {[%emt 0:03:06]} 36. Rxd7 {[%emt 0:02:14]} Nxd7 {[%emt 0:00:08]} 37. Bd4 {[%emt 0:00:11]} 1-0